000 01503nam a22002297a 4500
003 NALT
005 20251125233113.0
008 s2557 th tha d
040 _aNALT
041 _atha
090 _aKQ 145
_bว872พ 2557
110 2 _aสำนักงานเลขาธิการวุฒิสภา.
_bสำนักกฎหมาย
_91852
245 1 0 _aพระราชบัญญัติส่งเสริมกีฬาอาชีพ พ.ศ. 2556 พร้อมทั้งสรุปสาระสำคัญ ประวัติ ความเป็นมา กระบวนการ และขั้นตอนในการตราพระราชบัญญัติดังกล่าวของรัฐสภา /
_cสำนักกฎหมาย สำนักงานเลขาธิการวุฒิสภา.
260 _aกรุงเทพฯ :
_bสำนักการพิมพ์ สำนักงานเลขาธิการวุฒิสภา,
_c2557.
300 _a242 หน้า ;
_b
_c29 ซม.
650 4 _aกีฬา
_96571
_xกฎหมายและระเบียบข้อบังคับ
653 4 _aกีฬาอาชีพ
850 _aNALT
856 4 0 _uhttps://hdl.handle.net/20.500.14156/502156
942 _cLB
_2local
998 _bชวนพิชญ์ รัตนาไพบูลย์
_bphon
_c101
_j104
_k สายฝน ดีงาม
999 _c70561
_d70561